|
|
|
|
| LEADER |
00000cam a2200000 7i4500 |
| 001 |
0000012840 |
| 005 |
20080318.0 |
| 008 |
080103 |
| 020 |
|
|
|a 9831921690
|
| 090 |
0 |
0 |
|a 361.95
|b MOH
|
| 100 |
0 |
|
|a Mohamed Hatta Shaharom
|
| 245 |
1 |
0 |
|a Memupuk semangat sanggup berkorban :
|b berkorban di Iraq, Kosova dan Afghanistan
|c Mohamed Hatta Shaharom, Noor Aini Raimi, Muhammad Munawar
|
| 260 |
|
|
|a Pahang :
|b PTS Publications & Distributors ,
|c 2005
|
| 440 |
|
|
|a Siri inspirasi
|
| 650 |
|
0 |
|a Humanitarian assistance, Malaysia
|
| 650 |
|
0 |
|a Social service
|z Afghanistan
|x Personal narratives
|
| 650 |
|
0 |
|a Social service
|z Iraq
|x Personal narratives
|
| 650 |
|
0 |
|a Social service
|z Serbia
|z Kosovo
|x Personal narratives
|
| 700 |
0 |
|
|a Muhammad Munawar
|
| 700 |
0 |
|
|a Noor Aini Raimi
|
| 710 |
0 |
|
|a Title
|
| 999 |
|
|
|a 0000910270
|b Book
|c Adult Collection
|e Cawangan Bandar Tenggara
|
| 999 |
|
|
|a 0000921900
|b Book
|c Adult Collection
|e Cawangan Bukit Gambir
|
| 999 |
|
|
|a 0000939020
|b Book
|c Adult Collection
|e Cawangan Tangkak
|
| 999 |
|
|
|a 0001004485
|b Book
|c Adult Collection
|e Perbadanan Perpustakaan Awam Johor
|
| 999 |
|
|
|a 0001004486
|b Book
|c Adult Collection
|e Perbadanan Perpustakaan Awam Johor
|
| 999 |
|
|
|a 0001004488
|b Book
|c Adult Collection
|e Perbadanan Perpustakaan Awam Johor
|
| 999 |
|
|
|a 0001086073
|b Book
|c Adult Collection
|e Cawangan Bandar Tenggara
|